000 00683nam a2200181 a 4500
001 000028983
005 20200930055245.0
008 110413s1994 dr 000 0 spa d
040 _aDO-SdBNP
_bspa
_cBNPHU
245 0 0 _aMedio ambiente y la salud en la República Dominicana /
_ceditor Hugo Mendoza.
260 _aSanto Domingo :
_bCENISM,
_c1994.
300 _a19 p. :
_bil., map. ;
_c28 cm.
490 1 _aInvestigación en salud
_apublicaciones técnicas
_v2
700 1 _aMendoza, Hugo
_eed.
_919626
710 1 _aCentro Nacional de Investigaciones en Salud Materno Infantil (CENISM)
_955911
830 0 0 _aInvestigaciones en salud
_ppublicaciones técnicas
_v2
_955912
049 _aBNPD
999 _c28475
_d28475